|
|
|
|
| LEADER |
01367nam a2200301 a 4500 |
| 001 |
4823409 |
| 008 |
091010s1988 onca b 100 0 eng d |
| 010 |
|
|
|a 89138692
|
| 020 |
|
|
|a 0889365253
|
| 040 |
|
|
|a DLC
|c DLC
|d DLC
|
| 082 |
0 |
0 |
|a 636.3/0095
|2 19
|
| 245 |
0 |
0 |
|a Goat meat production in Asia :
|b proceedings of a workshop held in Tando Jam, Pakistan, 13-18 March 1988 /
|c editor, C. Devendra.
|
| 260 |
|
|
|a Ottawa, Ont., Canada :
|b International Development Research Centre,
|c c1988.
|
| 300 |
|
|
|a xi, 262 p. :
|b ill. ;
|c 24 cm.
|
| 490 |
1 |
|
|a IDRC ;
|v 268e
|
| 500 |
|
|
|a Sponsored by the Sind Agriculture University, Tando Jam, in collaboration with the International Development Research Centre, Canada.
|
| 504 |
|
|
|a Includes bibliographical references.
|
| 541 |
1 |
|
|e 00003498
|
| 650 |
|
0 |
|a Goats
|z Asia
|x Congresses.
|
| 650 |
|
0 |
|a Goat meat industry
|z Asia
|x Congresses.
|
| 650 |
|
0 |
|a Goat meat
|x Quality
|x Congresses.
|
| 700 |
1 |
|
|a Devendra, C.
|
| 710 |
2 |
|
|a Sind Agriculture University.
|
| 710 |
2 |
|
|a International Development Research Centre (Canada)
|
| 830 |
|
0 |
|a IDRC (Series) ;
|v 268e.
|
| 852 |
4 |
|
|a Ayesha Abed Library
|j General Shelf.
|
| 999 |
|
|
|c 4385
|d 4385
|
| 952 |
|
|
|0 0
|1 0
|2 ddc
|4 0
|6 636_300950000000000_GOA_1988
|7 0
|9 4079
|a BRACUL
|b BRACUL
|c GEN
|d 2009-10-10
|g 0.00
|l 0
|o 636.30095 GOA
|p 3010003498
|r 2009-10-10
|t 1
|w 2009-10-10
|y BK
|x No price found in the accession register.
|